| 000 | 00656nam a22001817a 4500 | ||
|---|---|---|---|
| 999 |
_c188605 _d188605 |
||
| 005 | 20220527173118.0 | ||
| 010 | _aENG-132868 | ||
| 020 |
_a9788182204225 _c1000.00 |
||
| 035 | _aEN-116400 | ||
| 037 | _bDBAD/PUB | ||
| 082 | _a523.1 | ||
| 100 | _aChandrasekharan, P.C. | ||
| 245 |
_aUnderstanding the Universe: _bFrom the Quantum World of the infinitesimal to the Cosmic Realm of the Infinite/ _cP.C. Chandrasekharan |
||
| 260 |
_aNew Delhi _bGlobal Vision Publishing House _c2011 |
||
| 270 |
_a20, Ansari Road, Daryaganj _bNew Delhi _e110002 _mnsingh_2004@vsnl.net |
||
| 300 |
_a279p. _bIndex _c23cm(hbk) |
||
| 942 |
_2ddc _cEN _h523.1 _mCHA |
||